[Event "American Continental 08th"]
[Site "Mar del Plata"]
[Date "2012.10.19"]
[Round "9"]
[White "Maldonado, Federico"]
[Black "Argote Heredia, Valentina"]
[Result "1-0"]
[WhiteElo "1973"]
[BlackElo "1856"]
[PlyCount "46"]
[EventDate "2012.10.12"]
[EventType "swiss"]
[EventRounds "11"]
[EventCountry "ARG"]
[SourceTitle "EXT 2013"]
[Source "ChessBase"]
[SourceDate "2012.11.22"]
[SourceVersion "1"]
[SourceVersionDate "2012.11.22"]
[SourceQuality "1"]

1. d4 Nf6 2. c4 e6 3. Nc3 Bb4 4. Qc2 b6 5. Bg5 Bb7 6. a3 Bxc3+ 7. Qxc3 h6 8. Bh4 d6 9. e3 g5 10. Bg3 Ne4 11. Qc2 a5 12. f3 Nxg3 13. hxg3 Nd7 14. Ne2 Nf6 15. Nc3 g4 16. Be2 gxf3 17. Bxf3 Bxf3 18. gxf3 Rg8 19. Ne4 Nxe4 20. Qxe4 Rxg3 21. Rxh6 Kd7 22. 0-0-0 Qg8 23. Rh7 Rg7 1-0

[Event "American Continental 08th"]
[Site "Mar del Plata"]
[Date "2012.10.17"]
[Round "7"]
[White "Maldonado, Federico"]
[Black "Aguero Arce, Matias"]
[Result "1/2-1/2"]
[WhiteElo "1973"]
[BlackElo "1633"]
[PlyCount "49"]
[EventDate "2012.10.12"]
[EventType "swiss"]
[EventRounds "11"]
[EventCountry "ARG"]
[SourceTitle "EXT 2013"]
[Source "ChessBase"]
[SourceDate "2012.11.22"]
[SourceVersion "1"]
[SourceVersionDate "2012.11.22"]
[SourceQuality "1"]

1. d4 Nf6 2. c4 e6 3. Nc3 Bb4 4. Qc2 0-0 5. Bg5 d5 6. Nf3 Nbd7 7. e3 c6 8. Bd3 h6 9. Bh4 Be7 10. 0-0 dxc4 11. Bxc4 Nd5 12. Bxe7 Qxe7 13. Rfe1 N5b6 14. Bb3 e5 15. Rad1 Re8 16. a4 e4 17. Nd2 Nf6 18. a5 Nbd5 19. Nc4 Nb4 20. Qb1 Nd3 21. Rf1 Bf5 22. Bc2 Nb4 23. Bb3 Nd3 24. Bc2 Nb4 25. Bb3 1/2-1/2

[Event "Wch U20"]
[Site "Puerto Madryn"]
[Date "2009.10.26"]
[Round "6"]
[White "Potapov, Pavel"]
[Black "Maldonado, Federico"]
[Result "1-0"]
[WhiteElo "2429"]
[BlackElo "2003"]
[PlyCount "63"]
[EventDate "2009.10.22"]
[EventType "swiss"]
[EventRounds "13"]
[EventCountry "ARG"]
[SourceTitle "EXT 2010"]
[Source "ChessBase"]
[SourceDate "2010.11.25"]
[SourceVersion "1"]
[SourceVersionDate "2010.11.25"]
[SourceQuality "1"]

1. e4 d6 2. d4 g6 3. Nc3 Bg7 4. Be3 Nf6 5. Qd2 0-0 6. Nf3 c6 7. Bd3 Nbd7 8. h3 b5 9. 0-0 e5 10. dxe5 dxe5 11. Ne2 Bb7 12. Ng3 a6 13. a4 Qe7 14. c4 b4 15. c5 a5 16. Qc2 Rfd8 17. Rfd1 Nf8 18. Bc4 h6 19. Qb3 Rxd1+ 20. Rxd1 Ba6 21. Rd6 Bxc4 22. Qxc4 Rc8 23. Qa6 Qc7 24. Nd2 Ne8 25. Rd3 f5 26. exf5 e4 27. Ndxe4 Bxb2 28. Bf4 Qxf4 29. Qxc8 Nc7 30. Rd6 Bg7 31. Rxg6 Nd5 32. Rxg7+ 1-0

[Event "Wch U20"]
[Site "Puerto Madryn"]
[Date "2009.10.25"]
[Round "5"]
[White "Maldonado, Federico"]
[Black "Schiendorfer, Emanuel"]
[Result "1/2-1/2"]
[WhiteElo "2003"]
[BlackElo "2311"]
[PlyCount "87"]
[EventDate "2009.10.22"]
[EventType "swiss"]
[EventRounds "13"]
[EventCountry "ARG"]
[SourceTitle "EXT 2010"]
[Source "ChessBase"]
[SourceDate "2010.11.25"]
[SourceVersion "1"]
[SourceVersionDate "2010.11.25"]
[SourceQuality "1"]

1. e4 c5 2. Nf3 d6 3. d4 cxd4 4. Nxd4 Nf6 5. Nc3 a6 6. Be2 e5 7. Nb3 Be7 8. Bg5 Be6 9. Bxf6 Bxf6 10. Qd3 Nc6 11. 0-0-0 Nd4 12. Nxd4 exd4 13. Nd5 Bxd5 14. exd5 0-0 15. Qf3 Re8 16. Bd3 Qa5 17. Kb1 Re5 18. Qh3 g6 19. f4 Re3 20. g3 Qxd5 21. f5 Rae8 22. fxg6 hxg6 23. Rhf1 Kg7 24. Qg4 Qe6 25. Qf4 Qe5 26. Qf2 Re7 27. a3 b5 28. h4 Rxg3 29. h5 Re6 30. hxg6 fxg6 31. Rh1 Rg5 32. Qh4 Kf8 33. Qh6+ Ke7 34. Qh7+ Bg7 35. Rhe1 Rh5 36. Rxe5 Rxh7 37. Rxe6+ Kxe6 38. Bxg6 Rh2 39. Bd3 Be5 40. Rg1 Rh8 41. Re1 Kd7 42. Rf1 Ke7 43. Re1 Rf8 44. Ka2 1/2-1/2